| 000 -LEADER |
| fixed length control field |
01602cam a22003137i 4500 |
| 003 - CONTROL NUMBER IDENTIFIER |
| control field |
OSt |
| 005 - DATE AND TIME OF LATEST TRANSACTION |
| control field |
20260326165509.0 |
| 008 - FIXED-LENGTH DATA ELEMENTS--GENERAL INFORMATION |
| fixed length control field |
180504t20182018nyuab 001 0 eng d |
| 020 ## - INTERNATIONAL STANDARD BOOK NUMBER |
| International Standard Book Number |
9781465468543 |
| Qualifying information |
(hardcover) |
| 042 ## - AUTHENTICATION CODE |
| Authentication code |
lccopycat |
| 050 00 - LIBRARY OF CONGRESS CALL NUMBER |
| Classification number |
TJ1195 |
| Item number |
.D37 2018 |
| 082 04 - DEWEY DECIMAL CLASSIFICATION NUMBER |
| Classification number |
621.908 |
| Edition number |
23 |
| 100 1# - MAIN ENTRY--PERSONAL NAME |
| Personal name |
Davy, Phil, |
| Relator term |
author. |
| 245 14 - TITLE STATEMENT |
| Title |
The tool book : |
| Remainder of title |
a tool lover's guide to more than 200 hand tools / |
| Statement of responsibility, etc |
writers, Phil Davy, Luke Edwardes-Evans, Jo Behari, Matthew Jackson ; foreword by Nick Offerman. |
| 246 38 - VARYING FORM OF TITLE |
| Title proper/short title |
Tool book |
| 250 ## - EDITION STATEMENT |
| Edition statement |
First American edition. |
| 300 ## - PHYSICAL DESCRIPTION |
| Extent |
256 pages : |
| Other physical details |
color illustrations, color maps ; |
| Dimensions |
27 cm |
| 500 ## - GENERAL NOTE |
| General note |
Includes index. |
| 505 0# - FORMATTED CONTENTS NOTE |
| Formatted contents note |
Plan your work area -- Choosing a tool belt -- Choosing a toolbox -- Choosing a toolshed -- The tools for measuring & marking -- The tools for cutting & chopping -- The tools for fixing & fastening -- The tools for striking & breaking -- The tools for digging & groundwork -- The tools for shaping & sharpening -- The tools for finishing & decorating. |
| 520 ## - SUMMARY, ETC. |
| Summary, etc |
A visual guide to hand tools. The writers show you each tool from every angle, and help you visualize how it works. They also provide information on choosing a tool, and how to keep it in the best condition. Own the best, treat them well, and use them effectively. |
| 650 #0 - SUBJECT ADDED ENTRY--TOPICAL TERM |
| Topical term or geographic name as entry element |
Tools. |
| 650 #4 - SUBJECT ADDED ENTRY--TOPICAL TERM |
| Topical term or geographic name as entry element |
Tools. |
| 650 #7 - SUBJECT ADDED ENTRY--TOPICAL TERM |
| Topical term or geographic name as entry element |
Tools. |
| Source of heading or term |
fast |
| 700 1# - ADDED ENTRY--PERSONAL NAME |
| Personal name |
Edwardes-Evans, Luke, |
| Relator term |
author. |
| 700 1# - ADDED ENTRY--PERSONAL NAME |
| Personal name |
Behari, Jo, |
| Relator term |
author. |
| 700 1# - ADDED ENTRY--PERSONAL NAME |
| Personal name |
Jackson, Matthew, |
| Relator term |
author. |
| 700 1# - ADDED ENTRY--PERSONAL NAME |
| Personal name |
Offerman, Nick, |
| Dates associated with a name |
1970- |
| Relator term |
writer of foreword. |
| 942 ## - ADDED ENTRY ELEMENTS (KOHA) |
| Source of classification or shelving scheme |
|